Program cezhraničnej spolupráce Slovenská republika - Česká republika 2014-2020
Programy cezhraničnej spolupráce majú potenciál ovplyvniť sociálny, ekonomický a územný rozvoj prihraničných oblastí. Strategickým zámerom programu cezhraničnej spolupráce je prispieť k zvýšeniu atraktívnosti cezhraničného regiónu pre obyvateľov a návštevníkov prostredníctvom inteligentného využívan...
Salvato in:
| Autore principale: | |
|---|---|
| Natura: | Capitolo di libro |
| Lingua: | slovacco |
| Soggetti: | |
| Tags: |
Nessun Tag, puoi essere il primo ad aggiungerne!!
|
MARC
| LEADER | 00000nla a2200000 4500 | ||
|---|---|---|---|
| 001 | 0193826 | ||
| 005 | 20240502073239.1 | ||
| 041 | 0 | |a slo | |
| 044 | |a SK | ||
| 245 | 1 | 0 | |a Program cezhraničnej spolupráce Slovenská republika - Česká republika 2014-2020 |c Zuzana Brindzová |
| 520 | |a Programy cezhraničnej spolupráce majú potenciál ovplyvniť sociálny, ekonomický a územný rozvoj prihraničných oblastí. Strategickým zámerom programu cezhraničnej spolupráce je prispieť k zvýšeniu atraktívnosti cezhraničného regiónu pre obyvateľov a návštevníkov prostredníctvom inteligentného využívania vnútorného potenciálu územia. | ||
| 610 | 2 | 0 | |a spolupráca cezhraničná |
| 610 | 2 | 0 | |a regióny |
| 610 | 2 | 0 | |a kvalita života |
| 610 | 2 | 0 | |a obyvateľstvo |
| 610 | 2 | 0 | |a rast hospodársky |
| 610 | 2 | 0 | |a Slovensko |
| 610 | 2 | 0 | |a Česko |
| 100 | 1 | |a Brindzová, Zuzana | |